[Event "XIII American Continental"]
[Site "Montevideo URU"]
[Date "2018.06.07"]
[Round "8"]
[White "Balzano, Ivan"]
[Black "Vazquez Colman, Guillermo"]
[Result "0-1"]
[WhiteElo "2142"]
[BlackElo "2436"]
[EventDate "2018.06.01"]
[PlyCount "94"]

1.e4 c6 2.Nf3 d5 3.Nc3 Nf6 4.e5 Ne4 5.Ne2 Qb6 6.d4 e6 7.Ng3 c5 8.Bd3 Nxg3 
9.hxg3 cxd4 10.Rxh7 Rxh7 11.Bxh7 Nc6 12.Bd3 Bd7 13.a3 O-O-O 14.Kf1 f6 15.
Qe1 Be7 16.b4 Rh8 17.Kg1 Nxe5 18.Nxe5 fxe5 19.Qxe5 Bf6 20.Qe1 e5 21.c4 
dxc3 22.Qxc3+ Kb8 23.Bg5 e4 24.Bxf6 gxf6 25.Bf1 d4 26.Qc5 Qxc5 27.bxc5 Ba4
28.f3 f5 29.g4 Bc2 30.gxf5 e3 31.g4 d3 32.Bxd3 Bxd3 33.Re1 e2 34.Kf2 Kc7 
35.Ke3 Ba6 36.g5 Kd7 37.f4 Ke7 38.Kf2 Rf8 39.f6+ Ke6 40.Rc1 Rc8 41.Rc3 Kf5
42.Re3 Rh8 43.f7 Kg6 44.Re8 Rh2+ 45.Ke1 Kxf7 46.Re3 Rh1+ 47.Kd2 Rd1+ 0-1

[Event "XIII American Continental"]
[Site "Montevideo URU"]
[Date "2018.06.07"]
[Round "8"]
[White "Roselli Mailhe, Bernardo"]
[Black "Coro, Lucas"]
[Result "1/2-1/2"]
[WhiteElo "2433"]
[BlackElo "2269"]
[EventDate "2018.06.01"]
[PlyCount "49"]

1.d4 Nf6 2.c4 e6 3.Nf3 d5 4.Nc3 dxc4 5.e3 a6 6.a4 b6 7.Bxc4 Bb7 8.O-O Bb4 
9.Qe2 Nbd7 10.Bd3 O-O 11.e4 Be7 12.e5 Nd5 13.Ne4 c5 14.dxc5 Nxc5 15.Bb1 
Nb3 16.Nd6 Nxc1 17.Qc2 g6 18.Nxb7 Qc8 19.Qxc1 Qxb7 20.Qh6 Rac8 21.Be4 Rc4 
22.Rfe1 Rfc8 23.Ng5 Bxg5 24.Qxg5 Qe7 25.Qxe7 1/2-1/2

[Event "XIII American Continental"]
[Site "Montevideo URU"]
[Date "2018.06.07"]
[Round "8"]
[White "Campora, Daniel Hugo"]
[Black "Larrea, Manuel"]
[Result "1-0"]
[WhiteElo "2424"]
[BlackElo "2268"]
[EventDate "2018.06.01"]
[PlyCount "63"]

1.e4 c5 2.Nf3 Nc6 3.Bb5 g6 4.Bxc6 dxc6 5.d3 Bg7 6.O-O Nf6 7.h3 O-O 8.Nc3 
b6 9.Re1 Ne8 10.e5 Nc7 11.Bd2 Ne6 12.Ne4 a5 13.a4 Ba6 14.b3 Nd4 15.Neg5 
Bc8 16.Nxd4 cxd4 17.e6 f6 18.Nf7 Qd5 19.Qe2 c5 20.Qg4 Bb7 21.Re2 Rxf7 22.
exf7+ Kxf7 23.Rae1 e5 24.f4 Re8 25.fxe5 Rxe5 26.Bf4 h5 27.Qg3 Rxe2 28.Rxe2
g5 29.Bb8 Bf8 30.Qc7+ Kg6 31.Qxb6 g4 32.Qe6 1-0

[Event "XIII American Continental"]
[Site "Montevideo URU"]
[Date "2018.06.07"]
[Round "8"]
[White "Carbone, Diego"]
[Black "Quintiliano Pinto, Renato Rodrigues"]
[Result "0-1"]
[WhiteElo "2242"]
[BlackElo "2423"]
[EventDate "2018.06.01"]
[PlyCount "126"]

1.d4 d5 2.c4 e6 3.Nf3 Nf6 4.g3 Be7 5.Bg2 O-O 6.O-O dxc4 7.Qc2 b6 8.Bg5 Nd5
9.Bxe7 Qxe7 10.Ne5 Ba6 11.Nd2 Rc8 12.Nexc4 c5 13.dxc5 Rxc5 14.e4 Nf6 15.b4
Rc7 16.Qb3 Nbd7 17.e5 Nd5 18.b5 Bb7 19.Rfe1 Nc5 20.Qb1 Nc3 21.Qb2 Bxg2 22.
Kxg2 Nd5 23.Qa3 a6 24.Rab1 Rca7 25.bxa6 Rxa6 26.Qf3 Rxa2 27.Nxb6 Nxb6 28.
Rxb6 Rd8 29.Nc4 Nd3 30.Re2 Rxe2 31.Qxe2 Qc5 32.Rd6 Rxd6 33.Nxd6 Nxe5 34.
Ne4 Qd5 35.f3 h6 36.Nf2 f5 37.Nd1 Kf7 38.Nc3 Qc5 39.Qd2 Ke7 40.Ne2 Kf7 41.
h4 Qc6 42.Qe3 Nd7 43.Qb3 Nc5 44.Qc3 Qd6 45.Nd4 Qd5 46.Qe3 Nd7 47.Ne2 e5 
48.Qa7 Qd3 49.Kf2 Kg6 50.Qc7 Kh7 51.Qa5 Qd6 52.Kg2 Nf6 53.Qb5 Nd5 54.Qe8 
Nf6 55.Qb5 Qd5 56.Qb6 Qd2 57.Qb5 Nd5 58.Kh3 Qd1 59.Kg2 f4 60.h5 fxg3 61.
Kxg3 Qe1+ 62.Kg2 Ne3+ 63.Kh2 Qf2+ 0-1

[Event "XIII American Continental"]
[Site "Montevideo URU"]
[Date "2018.06.07"]
[Round "8"]
[White "Escalante Ramirez, Brian Sebastian"]
[Black "Curi Milia, Gabriel"]
[Result "1-0"]
[WhiteElo "2422"]
[BlackElo "2141"]
[EventDate "2018.06.01"]
[PlyCount "107"]

1.e4 e6 2.d4 d5 3.Nc3 Bb4 4.e5 Ne7 5.a3 Bxc3+ 6.bxc3 c5 7.Qg4 Kf8 8.Bd2 
Qe8 9.dxc5 Nd7 10.Nf3 Nxc5 11.Bd3 Bd7 12.O-O Nxd3 13.cxd3 h6 14.a4 b6 15.
a5 bxa5 16.Rxa5 Nc6 17.Ra6 Kg8 18.Rfa1 Kh7 19.R6a4 Kg8 20.h3 a5 21.Qf4 Qd8
22.Qg3 Ne7 23.R4a3 a4 24.Qf4 Qc7 25.c4 dxc4 26.dxc4 Ng6 27.Qd4 Kh7 28.Bb4 
Rhc8 29.Rc1 Bc6 30.Bd6 Qb7 31.Ne1 Kg8 32.Rca1 Rd8 33.Qc5 Rac8 34.Qd4 Ne7 
35.g4 Ra8 36.Kh2 Nc8 37.Nd3 Nxd6 38.exd6 Qb8 39.c5 f6 40.f4 Ra5 41.g5 hxg5
42.fxg5 Rf8 43.g6 Rb5 44.Rxa4 Rb3 45.R4a2 Be8 46.Rg1 Qb5 47.Nf4 Rb4 48.Qe3
e5 49.Nd5 Rh4 50.Ra8 Qb7 51.Ne7+ Kh8 52.Rd8 Rd4 53.Qh6+ gxh6 54.g7+ 1-0

[Event "XIII American Continental"]
[Site "Montevideo URU"]
[Date "2018.06.07"]
[Round "8"]
[White "Betaneli, Alexander"]
[Black "Slipak, Sergio"]
[Result "1/2-1/2"]
[WhiteElo "2246"]
[BlackElo "2420"]
[EventDate "2018.06.01"]
[PlyCount "46"]

1.Nf3 d5 2.d4 Nf6 3.e3 c5 4.dxc5 e6 5.c4 Bxc5 6.Nc3 O-O 7.cxd5 exd5 8.Be2 
Nc6 9.O-O Re8 10.b3 a6 11.Bb2 Ba7 12.Rc1 Qd6 13.Rc2 Bg4 14.h3 Be6 15.Rd2 
Rad8 16.Qc1 Bb8 17.Ba3 Qc7 18.Rfd1 Rc8 19.Na4 Ne4 20.Rc2 Ng5 21.Kf1 Nxf3 
22.Bxf3 Qh2 23.Nb6 Rcd8 1/2-1/2

[Event "XIII American Continental"]
[Site "Montevideo URU"]
[Date "2018.06.07"]
[Round "8"]
[White "Pierrot, Facundo"]
[Black "Jodorcovsky Werjivker, Paulo"]
[Result "0-1"]
[WhiteElo "2392"]
[BlackElo "2249"]
[EventDate "2018.06.01"]
[PlyCount "142"]

1.e4 c5 2.Nf3 e6 3.d4 cxd4 4.Nxd4 a6 5.Bd3 Bc5 6.Nb3 Ba7 7.c4 d6 8.Qe2 Ne7
9.O-O Nbc6 10.Be3 e5 11.Bxa7 Rxa7 12.Nc3 O-O 13.Rfd1 Be6 14.Nd5 Ng6 15.Qe3
a5 16.Rac1 a4 17.Na1 Ra8 18.Nc2 Bxd5 19.cxd5 Nce7 20.g3 f5 21.exf5 Nxf5 
22.Bxf5 Rxf5 23.Qe4 Qf6 24.Ne3 Rf3 25.Ng4 Qf7 26.Rd3 Rxd3 27.Qxd3 h5 28.
Ne3 Rf8 29.Rc2 Qf6 30.Qe4 b5 31.h4 Ne7 32.Kg2 g6 33.f3 Nf5 34.Rf2 Nd4 35.
f4 Kg7 36.Rf1 Nf5 37.Nd1 exf4 38.Rxf4 Nxh4+ 39.Kh3 Nf5 40.Qd3 Qg5 41.Nf2 
Kg8 42.Ne4 Qe7 43.Rf2 Qe5 44.Nc3 b4 45.Nxa4 Re8 46.Nb6 Qe3 47.Qxe3 Rxe3 
48.Rg2 Rd3 49.Kh2 Ne3 50.Re2 Nxd5 51.Nc4 Nf6 52.Kg2 Ng4 53.a4 bxa3 54.Nxa3
d5 55.Nb1 Ne3+ 56.Kf3 Nc4+ 57.Kf4 Kf7 58.g4 Rd4+ 59.Kf3 Rxg4 60.b3 Nd6 61.
Nc3 Rb4 62.Nxd5 Rxb3+ 63.Kf4 Nf5 64.Ra2 Rb7 65.Ra6 Ne7 66.Nc3 Kg7 67.Ne4 
Rd7 68.Nc5 Rd5 69.Ne6+ Kh6 70.Ra7 Rf5+ 71.Ke4 Nc6 0-1

[Event "XIII American Continental"]
[Site "Montevideo URU"]
[Date "2018.06.07"]
[Round "8"]
[White "Bick, Gabriel"]
[Black "Teixeira, Ricardo da Silva"]
[Result "1-0"]
[WhiteElo "2391"]
[BlackElo "2235"]
[EventDate "2018.06.01"]
[PlyCount "69"]

1.e4 e6 2.d4 d5 3.Nd2 Nf6 4.e5 Nfd7 5.Bd3 c5 6.c3 Nc6 7.Ne2 f6 8.Nf4 Qe7 
9.Nf3 fxe5 10.dxe5 g6 11.Nxg6 Qg7 12.Nxh8 Ndxe5 13.O-O Nxd3 14.Qxd3 Qxh8 
15.Re1 Bd7 16.Qxd5 O-O-O 17.Qe4 Bd6 18.Bf4 Bxf4 19.Qxf4 Rf8 20.Qe3 Qg7 21.
Rad1 b6 22.Rd6 Kc7 23.Red1 Bc8 24.Qe4 Nd8 25.Qa4 a6 26.Qh4 Nb7 27.R6d3 e5 
28.Qg5 Qxg5 29.Nxg5 h6 30.Rf3 Rg8 31.Rf7+ Kb8 32.Ne4 Be6 33.Rf6 Bxa2 34.
Rxb6 Ka7 35.Rxh6 1-0

[Event "XIII American Continental"]
[Site "Montevideo URU"]
[Date "2018.06.07"]
[Round "8"]
[White "Fernandez, Maria Florencia"]
[Black "Muniz, Rafael"]
[Result "1-0"]
[WhiteElo "2203"]
[BlackElo "2290"]
[EventDate "2018.06.01"]
[PlyCount "151"]

1.d4 Nf6 2.c4 e6 3.Nf3 Bb4+ 4.Nbd2 c5 5.a3 Bxd2+ 6.Qxd2 cxd4 7.Qxd4 Nc6 8.
Qc3 d5 9.e3 O-O 10.b4 Ne4 11.Qc2 Bd7 12.Bd3 Rc8 13.Bb2 f5 14.Qb3 dxc4 15.
Bxc4 Qe7 16.Rd1 Nd6 17.Be2 Ne4 18.O-O Be8 19.Ne5 Kh8 20.Bc4 b5 21.Nxc6 
Bxc6 22.Bxe6 Rcd8 23.Bd5 Bxd5 24.Rxd5 Nd2 25.Rxd2 Rxd2 26.Bd4 f4 27.Bc5 
Qf7 28.Qxf7 Rxf7 29.exf4 Ra2 30.Rd1 Rd7 31.Re1 Re2 32.Kf1 Rxe1+ 33.Kxe1 a6
34.Ke2 Kg8 35.g4 g6 36.Ke3 Kf7 37.Bd4 Ke6 38.Ke4 Rf7 39.Be5 Rf8 40.Bd4 Re8
41.Bc5 Kf7+ 42.Kd5 Re2 43.Kc6 Ra2 44.Kb6 Rxa3 45.h4 h5 46.f3 Ke6 47.f5+ 
gxf5 48.gxh5 Kf7 49.Bd4 Ra4 50.Bc3 Kg8 51.h6 Kh7 52.Bd2 Ra2 53.Bg5 Ra3 54.
f4 Ra2 55.Kc5 Re2 56.Kb6 Re6+ 57.Kc5 Re3 58.Kb6 Ra3 59.Kc5 Re3 60.Kb6 Kg6 
61.Kxa6 Re8 62.Kxb5 Rb8+ 63.Kc5 Rc8+ 64.Kd5 Rb8 65.Be7 Kxh6 66.Ke6 Kg6 67.
h5+ Kxh5 68.Kxf5 Rb6 69.Bc5 Rc6 70.Ke5 Kg6 71.Kd5 Ra6 72.b5 Ra5 73.b6 Rb5 
74.Kc6 Rb1 75.b7 Kf5 76.Bd6 1-0

[Event "XIII American Continental"]
[Site "Montevideo URU"]
[Date "2018.06.07"]
[Round "8"]
[White "Colas, Joshua"]
[Black "Mafra, Kaiser Luiz"]
[Result "1-0"]
[WhiteElo "2285"]
[BlackElo "2116"]
[EventDate "2018.06.01"]
[PlyCount "85"]

1.d4 Nf6 2.c4 g6 3.Nc3 Bg7 4.e4 d6 5.f3 O-O 6.Be3 c6 7.Nge2 a6 8.a4 e5 9.
d5 c5 10.a5 Ne8 11.g3 f5 12.exf5 gxf5 13.Qd2 Nd7 14.Bg2 b5 15.axb6 Nxb6 
16.b3 Nf6 17.O-O Ra7 18.h3 h5 19.Bg5 Rff7 20.f4 e4 21.g4 hxg4 22.hxg4 fxg4
23.Nxe4 Qf8 24.Nxf6+ Bxf6 25.Bxf6 Rxf6 26.Ng3 Bf5 27.Be4 Bxe4 28.Nxe4 Rh6 
29.Ng5 Qf6 30.Rae1 Nd7 31.Re6 Qh8 32.Rxh6 Qxh6 33.Qe2 Nf8 34.Qxg4 Rg7 35.
Re1 Qf6 36.Re8 Qa1+ 37.Kg2 Qb2+ 38.Kh3 Qxb3+ 39.Kh4 Qb7 40.Qe6+ Rf7 41.
Qxf7+ Qxf7 42.Nxf7 Kxf7 43.Ra8 1-0

[Event "XIII American Continental"]
[Site "Montevideo URU"]
[Date "2018.06.07"]
[Round "8"]
[White "Cabrera Pando, Ramiro"]
[Black "Kimelman Bercovici, Gabriel"]
[Result "1-0"]
[WhiteElo "2196"]
[BlackElo "2279"]
[EventDate "2018.06.01"]
[PlyCount "81"]

1.d4 e6 2.c4 Nf6 3.Nc3 Bb4 4.Nf3 b6 5.Bg5 Bb7 6.e3 h6 7.Bh4 g5 8.Bg3 Ne4 
9.Nd2 Nxg3 10.hxg3 Bxc3 11.bxc3 Qe7 12.f3 d6 13.Bd3 Nd7 14.Qc2 h5 15.O-O-O
O-O-O 16.Rh2 Rh6 17.Rdh1 Rdh8 18.e4 e5 19.Nf1 Qf6 20.Ne3 R6h7 21.Nf5 Nf8 
22.Qa4 Ne6 23.c5 dxc5 24.d5 c4 25.Bxc4 Nc5 26.Qxa7 g4 27.d6 Qg5+ 28.Kc2 f6
29.Rd1 Kd7 30.dxc7+ Kxc7 31.Nd6 Rd7 32.Nb5+ Kc6 33.Rxd7 Nxd7 34.Bd5+ Kxb5 
35.Qxb7 Nb8 36.Rh1 Qe3 37.a4+ Ka5 38.Qa7+ Na6 39.Bc4 Qf2+ 40.Kb3 b5 41.
Qxf2 1-0

[Event "XIII American Continental"]
[Site "Montevideo URU"]
[Date "2018.06.07"]
[Round "8"]
[White "Cimer, Emanuel"]
[Black "Arias Bouzada, Jorge"]
[Result "1-0"]
[WhiteElo "2262"]
[BlackElo "2097"]
[EventDate "2018.06.01"]
[PlyCount "53"]

1.e4 c5 2.Nf3 Nc6 3.Bb5 g6 4.Bxc6 bxc6 5.O-O d6 6.Re1 Bg7 7.e5 d5 8.h3 h5 
9.d3 Nh6 10.b3 d4 11.Nbd2 Qd5 12.Ba3 g5 13.Nxg5 Bxe5 14.Qf3 Bd6 15.Nge4 
Be6 16.Nxc5 Bxc5 17.Qxd5 cxd5 18.Bxc5 Rg8 19.Kh2 Nf5 20.Nf3 Rc8 21.b4 a6 
22.Re2 Rb8 23.a3 Kd7 24.Rae1 Rgc8 25.Bxd4 Nxd4 26.Nxd4 Rb6 27.f4 1-0

[Event "XIII American Continental"]
[Site "Montevideo URU"]
[Date "2018.06.07"]
[Round "8"]
[White "Kapitanchuk, Tomas"]
[Black "Ledezma Panades, Hernan Javier"]
[Result "1-0"]
[WhiteElo "2253"]
[BlackElo "1887"]
[EventDate "2018.06.01"]
[PlyCount "145"]

1.e4 e5 2.Nf3 Nc6 3.Bc4 Nf6 4.d3 Be7 5.O-O O-O 6.Re1 d6 7.a4 Na5 8.Ba2 c5 
9.c3 Nc6 10.Na3 h6 11.Bd2 Re8 12.Nc4 Bf8 13.h3 g6 14.Qc1 Kh7 15.b4 cxb4 
16.cxb4 Be6 17.b5 Nd4 18.Nxd4 exd4 19.Na5 Bxa2 20.Rxa2 d5 21.e5 Nd7 22.
Nxb7 Qb6 23.Nd6 Bxd6 24.exd6 Qxd6 25.Rxe8 Rxe8 26.Qc6 Qxc6 27.bxc6 Ne5 28.
c7 Rc8 29.Rc2 Nxd3 30.f4 g5 31.g3 gxf4 32.gxf4 Kg6 33.Kg2 Kf5 34.Kf3 h5 
35.h4 f6 36.Ba5 Nxf4 37.Rb2 d3 38.Ke3 Re8+ 39.Kd2 Ne6 40.Kxd3 Nxc7 41.Bxc7
Re4 42.a5 Rxh4 43.Rb7 Ra4 44.Rxa7 Ke6 45.Bd8 Kd6 46.Bxf6 Kc6 47.Bc3 Kb5 
48.Rb7+ Ka6 49.Rb6+ Ka7 50.Rb5 h4 51.Rxd5 Ka6 52.Rh5 Kb7 53.Rh6 Ka7 54.Bd2
Kb7 55.Kc2 Ra2+ 56.Kd3 Ra4 57.Bc3 Ka7 58.Kc2 Kb7 59.Kb3 Re4 60.Bb4 Ka7 61.
Ka4 Re5 62.Rxh4 Ka6 63.Rh6+ Ka7 64.Bc3 Rf5 65.Kb3 Rb5+ 66.Kc4 Rf5 67.Bd4+ 
Kb7 68.Rh7+ Ka8 69.Bc5 Rf6 70.Kb5 Re6 71.Rh8+ Kb7 72.a6+ Kc7 73.a7 1-0

[Event "XIII American Continental"]
[Site "Montevideo URU"]
[Date "2018.06.07"]
[Round "8"]
[White "Januario, Severino Pereira"]
[Black "Vergara Jofre, Felipe"]
[Result "1/2-1/2"]
[WhiteElo "2175"]
[BlackElo "2245"]
[EventDate "2018.06.01"]
[PlyCount "101"]

1.d4 Nf6 2.c4 Nc6 3.Nf3 e6 4.g3 Bb4+ 5.Bd2 Qe7 6.Bg2 Bxd2+ 7.Nbxd2 d6 8.
O-O a5 9.Re1 e5 10.d5 Nb8 11.e4 O-O 12.Qc2 Bg4 13.Nb3 Bxf3 14.Bxf3 Nbd7 
15.Nc1 Nc5 16.b3 Nfd7 17.Ne2 g6 18.Bg4 f5 19.exf5 Qg5 20.Bh3 Qh5 21.Bg2 
gxf5 22.f4 Rf6 23.Rf1 Rh6 24.h3 e4 25.Rad1 Kf7 26.a3 Rg8 27.b4 axb4 28.
axb4 Nd3 29.Rxd3 exd3 30.Qxd3 Nf6 31.Rf3 Ne4 32.Re3 Re8 33.h4 Nf6 34.Bf3 
Qg6 35.Kh2 Rxe3 36.Qxe3 Ng4+ 37.Bxg4 Qxg4 38.Nd4 Rg6 39.Ne6 Qd1 40.Ng5+ 
Kf8 41.Nxh7+ Kf7 42.Ng5+ Kf8 43.Ne6+ Kg8 44.Nd4 Kh8 45.Nf3 Qc2+ 46.Kh3 
Qxc4 47.Qe8+ Kh7 48.Qf7+ Kh8 49.Qxg6 Qf1+ 50.Kh2 Qf2+ 51.Kh3 1/2-1/2

[Event "XIII American Continental"]
[Site "Montevideo URU"]
[Date "2018.06.07"]
[Round "8"]
[White "Gauche, Charles"]
[Black "Okamura, Milton Kasuo"]
[Result "1-0"]
[WhiteElo "2235"]
[BlackElo "2050"]
[EventDate "2018.06.01"]
[PlyCount "39"]

1.c4 e5 2.Nc3 Nf6 3.g3 d5 4.cxd5 Nxd5 5.Bg2 Nb6 6.Nf3 Nc6 7.O-O Be7 8.d3 
O-O 9.a3 Be6 10.b4 f6 11.Bb2 Rb8 12.Rc1 a5 13.b5 Nd4 14.Nxd4 exd4 15.Ne4 
f5 16.Nc5 Bd5 17.Bxd5+ Qxd5 18.Qb3 Bf6 19.Qxd5+ Nxd5 20.Nd7 1-0

[Event "XIII American Continental"]
[Site "Montevideo URU"]
[Date "2018.06.07"]
[Round "8"]
[White "Fernandez Cardoso, Alexey"]
[Black "Mariani, Daniel Brandao"]
[Result "1/2-1/2"]
[WhiteElo "2429"]
[BlackElo "2055"]
[EventDate "2018.06.01"]
[PlyCount "39"]

1.e4 e5 2.Nf3 Nf6 3.Nxe5 d6 4.Nf3 Nxe4 5.d4 d5 6.Bd3 Nc6 7.O-O Be7 8.c4 
Nb4 9.cxd5 Nxd3 10.Qxd3 Qxd5 11.Re1 Bf5 12.g4 Bg6 13.Nc3 Nxc3 14.Qxc3 Qd6 
15.Qe3 Rd8 16.Bd2 Kd7 17.d5 f6 18.Rac1 Rhe8 19.Nd4 Qxd5 20.Qe6+ 1/2-1/2

[Event "XIII American Continental"]
[Site "Montevideo URU"]
[Date "2018.06.07"]
[Round "8"]
[White "Pacheco, Daniel"]
[Black "Bustelo, Tabare"]
[Result "1-0"]
[WhiteElo "2256"]
[BlackElo "2050"]
[EventDate "2018.06.01"]
[PlyCount "101"]

1.b3 e5 2.Bb2 Nc6 3.e3 d5 4.Bb5 Bd6 5.Nf3 Qe7 6.d4 e4 7.Ne5 Bxe5 8.dxe5 a6
9.Bxc6+ bxc6 10.Qd4 Be6 11.Ba3 Qd7 12.Nc3 Ne7 13.O-O-O Bg4 14.Rd2 Qe6 15.
h3 Bh5 16.g4 Bg6 17.Ne2 f6 18.exf6 Qxf6 19.Qxf6 gxf6 20.Nd4 Kf7 21.Rhd1 h5
22.Bxe7 Kxe7 23.Nxc6+ Kd6 24.Na5 c6 25.c4 Bf7 26.Rc2 Rac8 27.Kb2 hxg4 28.
hxg4 Be6 29.Rdc1 Bxg4 30.Rg1 Be6 31.Rg7 Ke5 32.Re7 f5 33.cxd5 cxd5 34.Rd2 
Kf6 35.Ra7 Ra8 36.Rxa8 Rxa8 37.Nc6 Rc8 38.Nd4 Bd7 39.Rc2 Rxc2+ 40.Kxc2 Ke5
41.Kc3 f4 42.Kb4 fxe3 43.fxe3 Kd6 44.Ka5 Bb5 45.Kb6 Bd3 46.a4 Bf1 47.b4 
Bd3 48.a5 Bc4 49.b5 Bxb5 50.Nxb5+ axb5 51.a6 1-0

[Event "XIII American Continental"]
[Site "Montevideo URU"]
[Date "2018.06.07"]
[Round "8"]
[White "Torella, Rodolfo"]
[Black "Benoit, Rodrigo"]
[Result "1-0"]
[WhiteElo "2016"]
[BlackElo "2238"]
[EventDate "2018.06.01"]
[PlyCount "85"]

1.e4 c5 2.Nf3 d6 3.d4 cxd4 4.Nxd4 Nf6 5.f3 Nc6 6.c4 Qb6 7.Nc2 e6 8.Nc3 Be7
9.Rb1 O-O 10.Be3 Qd8 11.Be2 Ne8 12.O-O Bf6 13.Qd2 b6 14.Rfd1 Ba6 15.Nb5 
Be7 16.Bf4 Qc8 17.Nxd6 Nxd6 18.Bxd6 Rd8 19.Qf4 e5 20.Bxe5 Rxd1+ 21.Rxd1 
Nxe5 22.Qxe5 Bf6 23.Qd5 Bxb2 24.Nb4 Bb7 25.Qb5 Ba3 26.Nd5 Bc5+ 27.Kh1 h6 
28.f4 Qe6 29.Bf3 Rd8 30.Qb2 Kf8 31.f5 Qc6 32.e5 Qa4 33.Qb3 Qa5 34.h3 Bc8 
35.f6 gxf6 36.exf6 Re8 37.Qb1 Bf5 38.Qxf5 Re1+ 39.Kh2 Bd6+ 40.g3 Qxa2+ 41.
Bg2 Qa3 42.Nf4 Re3 43.Rd3 1-0

[Event "XIII American Continental"]
[Site "Montevideo URU"]
[Date "2018.06.07"]
[Round "8"]
[White "Coppola, Claudio"]
[Black "Caceres Vasquez, Sergio"]
[Result "1-0"]
[WhiteElo "2228"]
[BlackElo "2041"]
[EventDate "2018.06.01"]
[PlyCount "75"]

1.d4 Nf6 2.c4 e6 3.g3 d5 4.Bg2 Be7 5.Nf3 O-O 6.O-O dxc4 7.Qc2 a6 8.a4 Bd7 
9.Rd1 Bc6 10.Bg5 b5 11.Bxf6 Bxf6 12.e4 g6 13.Nc3 b4 14.Nb1 b3 15.Qe2 Qe7 
16.Rc1 Ra7 17.Nbd2 Rb7 18.Rxc4 Rb4 19.Qd3 Rc8 20.Qc3 Rxc4 21.Qxc4 Bb7 22.
Qxb3 c5 23.Rc1 c4 24.Rxc4 Rxc4 25.Nxc4 Nc6 26.e5 Bg7 27.Qb6 Qb4 28.Nfd2 
Qxb6 29.Nxb6 Nd8 30.Nb3 Bxg2 31.Kxg2 Nc6 32.Nd7 Bf8 33.Kf3 Bb4 34.Ke3 Ne7 
35.Ndc5 Nd5+ 36.Kd3 Nc7 37.Kc4 Be1 38.Nd3 1-0

[Event "XIII American Continental"]
[Site "Montevideo URU"]
[Date "2018.06.07"]
[Round "8"]
[White "Soto, Nicolas"]
[Black "Mesias Rojas, Rabindranath"]
[Result "0-1"]
[WhiteElo "2011"]
[BlackElo "2203"]
[EventDate "2018.06.01"]
[PlyCount "44"]

1.e4 c5 2.Nf3 d6 3.d4 cxd4 4.Nxd4 Nf6 5.Nc3 g6 6.Be3 Bg7 7.Bc4 O-O 8.f3 
Nc6 9.Qd2 Bd7 10.O-O-O Rb8 11.Nb3 Ne5 12.Be2 b5 13.Bh6 Nc4 14.Qg5 Qb6 15.
Bxg7 Kxg7 16.Kb1 Rfc8 17.Rd3 h6 18.Qc1 a5 19.Qg1 Qc7 20.Bd1 a4 21.Nd2 a3 
22.b3 Nxd2+ 0-1

[Event "XIII American Continental"]
[Site "Montevideo URU"]
[Date "2018.06.07"]
[Round "8"]
[White "Carvalho, Guillermo"]
[Black "Manzi, Luiz Antonio Bardaro"]
[Result "1/2-1/2"]
[WhiteElo "2195"]
[BlackElo "2030"]
[EventDate "2018.06.01"]
[PlyCount "98"]

1.d4 Nf6 2.c4 e6 3.Nf3 d5 4.e3 Be7 5.Bd3 O-O 6.Nc3 Nbd7 7.O-O c5 8.a3 cxd4
9.exd4 dxc4 10.Bxc4 Nb6 11.Bb3 Nbd5 12.Qd3 b6 13.Nxd5 Nxd5 14.Bc2 f5 15.
Re1 Bf6 16.Bd2 Qd6 17.Bb3 Bb7 18.Qe2 Rfe8 19.Ne5 a5 20.Rac1 Rac8 21.Ba4 
Rxc1 22.Rxc1 Ra8 23.Bb3 Bxe5 24.Qxe5 Qxe5 25.dxe5 Rd8 26.Bg5 Rd7 27.h4 h6 
28.Be3 Kf7 29.Bxd5 Bxd5 30.Bxb6 a4 31.h5 Rb7 32.Bd4 g6 33.hxg6+ Kxg6 34.
Rc8 Rg7 35.f3 Kh7 36.Kf2 Rd7 37.Bc5 Bb3 38.Bd6 Rb7 39.Bb4 Rb5 40.Rc7+ Kg6 
41.g4 fxg4 42.fxg4 h5 43.gxh5+ Kxh5 44.Bc5 Kg4 45.Ke3 Rb8 46.Rf7 Rh8 47.
Kd4 Rh2 48.Kc3 Rc2+ 49.Kb4 Rxb2 1/2-1/2

[Event "XIII American Continental"]
[Site "Montevideo URU"]
[Date "2018.06.07"]
[Round "8"]
[White "Suarez, Pedro"]
[Black "Madeira, Wagner Martins"]
[Result "0-1"]
[WhiteElo "1924"]
[BlackElo "2171"]
[EventDate "2018.06.01"]
[PlyCount "50"]

1.d4 Nf6 2.c4 g6 3.Nc3 Bg7 4.e4 d6 5.Nf3 O-O 6.Be2 e5 7.O-O Nc6 8.d5 Ne7 
9.Bg5 Ne8 10.Nd2 f5 11.b4 h6 12.Bxe7 Qxe7 13.Rc1 Nf6 14.f3 h5 15.Nb3 Bh6 
16.Rc2 Bd7 17.Qd3 fxe4 18.Nxe4 Nxe4 19.fxe4 Rxf1+ 20.Bxf1 Rf8 21.g3 Qf6 
22.Bg2 h4 23.gxh4 Qxh4 24.Qg3 Qh5 25.Bf1 Rxf1+ 0-1

[Event "XIII American Continental"]
[Site "Montevideo URU"]
[Date "2018.06.07"]
[Round "8"]
[White "Carvalho, Herbert Abreu"]
[Black "Izquierdo, Sebastian"]
[Result "1/2-1/2"]
[WhiteElo "2149"]
[BlackElo "1992"]
[EventDate "2018.06.01"]
[PlyCount "55"]

1.d4 Nf6 2.Nf3 e6 3.c4 Be7 4.g3 b6 5.Bg2 Bb7 6.O-O O-O 7.Nc3 Ne4 8.Bd2 f5 
9.Ne5 Nxc3 10.Bxc3 Bxg2 11.Kxg2 Bf6 12.b4 d6 13.Nd3 Qe8 14.f3 Nc6 15.e3 e5
16.d5 Ne7 17.e4 Qg6 18.Qe2 h5 19.a4 f4 20.Rh1 Rf7 21.Kh3 Bg5 22.Bd2 fxg3 
23.Bxg5 Qxg5 24.hxg3 Ng6 25.Kg2 Raf8 26.Raf1 h4 27.g4 Qh6 28.Qe1 1/2-1/2

[Event "XIII American Continental"]
[Site "Montevideo URU"]
[Date "2018.06.07"]
[Round "8"]
[White "Cervantes Landeiro, Thalia"]
[Black "Reolon, Victor"]
[Result "1-0"]
[WhiteElo "2087"]
[BlackElo "1678"]
[EventDate "2018.06.01"]
[PlyCount "47"]

1.d4 Nf6 2.c4 g6 3.Nc3 Bg7 4.e4 d6 5.f4 O-O 6.Nf3 c5 7.d5 e6 8.dxe6 Bxe6 
9.Bd3 Nc6 10.f5 Bc8 11.O-O Ne7 12.fxg6 Nxg6 13.Nd5 Bg4 14.Bg5 h6 15.Nxf6+ 
Bxf6 16.Bxh6 Bd4+ 17.Kh1 Qf6 18.Bxf8 Nf4 19.Qd2 Bxb2 20.Rab1 Bc3 21.Be7 
Bxd2 22.Bxf6 Bb4 23.Bc2 Ne2 24.Rf2 1-0

[Event "XIII American Continental"]
[Site "Montevideo URU"]
[Date "2018.06.07"]
[Round "8"]
[White "Saralegui, Mario"]
[Black "Visillac, Alejandro"]
[Result "1-0"]
[WhiteElo "2069"]
[BlackElo "1830"]
[EventDate "2018.06.01"]
[PlyCount "87"]

1.d4 e6 2.c4 d5 3.Nc3 Nf6 4.Bg5 Be7 5.e3 b6 6.Nf3 Bb7 7.Bd3 Nbd7 8.O-O Ne4
9.Bxe7 Qxe7 10.cxd5 exd5 11.Rc1 O-O 12.Qb3 c6 13.Qc2 f5 14.Qe2 Rae8 15.
Rce1 Rf6 16.Nd2 Rh6 17.f4 Qh4 18.Nf3 Qh5 19.h3 Ng3 20.Qf2 Rg6 21.Ng5 Nxf1 
22.Qxf1 Rxg5 23.fxg5 Qxg5 24.Qxf5 Qxf5 25.Bxf5 Nf6 26.Bd3 c5 27.Kf2 Kf7 
28.Nb5 Ke7 29.dxc5 bxc5 30.Rc1 c4 31.Bb1 a6 32.Nd4 g6 33.Rc3 Kd6 34.Ra3 
Kc5 35.Bc2 Ne4+ 36.Bxe4 Rxe4 37.Ra4 Re7 38.a3 Kd6 39.Rb4 Kc5 40.Ke2 Bc6 
41.Rb8 Bb7 42.Rf8 Kd6 43.Kd2 Bc6 44.Rf6+ 1-0

[Event "XIII American Continental"]
[Site "Montevideo URU"]
[Date "2018.06.07"]
[Round "8"]
[White "Moyses Sobrinho, Elias"]
[Black "Andrade, Roberto Luiz Costa"]
[Result "0-1"]
[WhiteElo "1920"]
[BlackElo "2060"]
[EventDate "2018.06.01"]
[PlyCount "128"]

1.e4 c5 2.Nf3 Nc6 3.d4 cxd4 4.Nxd4 Nf6 5.Nc3 e5 6.Nf3 Bb4 7.Bc4 O-O 8.Bg5 
h6 9.Bxf6 Qxf6 10.O-O Bxc3 11.bxc3 Na5 12.Be2 d6 13.Qd5 Nc6 14.Rfd1 Rd8 
15.h3 a6 16.a4 Be6 17.Qd3 Na5 18.Rab1 Rac8 19.Nd2 d5 20.exd5 Bxd5 21.Qe3 
Qg5 22.Qxg5 hxg5 23.c4 Bxc4 24.Nxc4 Rxd1+ 25.Rxd1 Nxc4 26.Rd7 b5 27.axb5 
axb5 28.Rb7 Nd6 29.Rb6 Rxc2 30.Bxb5 Rc1+ 31.Kh2 Nxb5 32.Rxb5 f6 33.g4 Kh7 
34.Rb3 Kg6 35.Kg2 Rc7 36.Rb6 Kf7 37.Rb2 g6 38.Rb4 Re7 39.Kg3 f5 40.gxf5 
gxf5 41.f3 Kf6 42.h4 f4+ 43.Kg4 gxh4 44.Rb6+ Re6 45.Rb5 Rc6 46.Kxh4 Kf5 
47.Kh3 Rc2 48.Rb8 Rf2 49.Rf8+ Kg5 50.Rg8+ Kf6 51.Rf8+ Ke7 52.Ra8 Rxf3+ 53.
Kg4 Re3 54.Kf5 Kd6 55.Ra1 Kd5 56.Rd1+ Kc4 57.Kg4 Kc3 58.Rd5 Kc2 59.Kh4 e4 
60.Kg4 f3 61.Kg3 Re2 62.Rf5 Kd2 63.Ra5 f2 64.Ra2+ Kd3 0-1

[Event "XIII American Continental"]
[Site "Montevideo URU"]
[Date "2018.06.07"]
[Round "8"]
[White "Aranha Filho, Alvaro Zimmermann"]
[Black "Mosconi, Ariel"]
[Result "1-0"]
[WhiteElo "2304"]
[BlackElo "2073"]
[EventDate "2018.06.01"]
[PlyCount "77"]

1.e4 g6 2.d4 Bg7 3.Nc3 c6 4.Nf3 d5 5.h3 Nf6 6.e5 Ne4 7.Bd3 Nxc3 8.bxc3 O-O
9.O-O c5 10.dxc5 Nd7 11.Re1 Nxc5 12.Nd4 Qc7 13.f4 Ne4 14.Bxe4 dxe4 15.Bd2 
f5 16.exf6 Bxf6 17.Rxe4 e5 18.fxe5 Bxe5 19.Qe2 Bg7 20.Re7 Qc5 21.Kh1 Qd5 
22.Nb5 Rb8 23.Rd1 Qc5 24.Bc1 a6 25.Ba3 Qxb5 26.Rxg7+ Kxg7 27.Bxf8+ Kxf8 
28.Rd8+ Kg7 29.Qe7+ Kh6 30.Qh4+ Qh5 31.Qf4+ Qg5 32.Qf8+ Kh5 33.g4+ Bxg4 
34.hxg4+ Qxg4 35.Rd5+ Kh4 36.Qh6+ Kg3 37.Qh2+ Kf3 38.Rd3+ Ke4 39.Rd4+ 1-0